| 000 | 00320nam a22001337a 4500 | ||
|---|---|---|---|
| 020 | _a978-0-07-068192-7 | ||
| 082 |
_a621.433 _bGAN |
||
| 100 | _4Ganesan, V | ||
| 245 |
_aGas turbines/ _cV Ganesan |
||
| 250 | _aThird Edition | ||
| 260 |
_aNew Delhi : _bMcGraw Hill; _c2010. |
||
| 300 | _axxiii :627p. | ||
| 942 |
_2ddc _cBK |
||
| 999 |
_c593475 _d593475 |
||